000 00557nam a2200169Ia 4500
003 GCL
008 140319s9999 xx 000 0 ara d
040 _aGCL /
_cGCL
082 0 4 _a891.4
_bم ق
100 1 _aمحمد فكرى
245 1 0 _aقصة الدراما الهندية (هدية من الاديب عبدالفتاح الجمل) /
_cمحمد فكرى
300 _a98 ص
490 _aالمكتبة الثقافية
_v0
650 0 4 _aالادب الهندى
650 0 4 _aالمسرحيات الهندية- تاريخ ونقد
942 _2ddc
_cBK
999 _c47448
_d47448